The one who's running the show (TADC) – lyrics - Statistics

General Stats
  • This quiz has been taken 50 times
  • The average score is 154 of 198
Answer Stats
Answer % Correct
I
100%
it
100%
It's
96%
it's
96%
its
96%
me
96%
me,
96%
news
96%
that
96%
That
96%
to
96%
To
96%
ya
96%
you
96%
You
96%
a
92%
and
92%
And
92%
degree
92%
go
92%
in
92%
on
92%
on,
92%
the
92%
which
92%
who
92%
am
88%
answers
88%
end,
88%
getting
88%
getting?
88%
is
88%
Is
88%
mouth
88%
My
88%
my
88%
see
88%
Seems
88%
So
88%
through?
88%
are
84%
could
84%
has
84%
kidding?
84%
Oh,
84%
our
84%
regime
84%
run
84%
scream
84%
show
84%
south
84%
We
84%
we
84%
but
80%
got
80%
if
80%
I'm
80%
need
80%
past
80%
plummeted
80%
ain't
76%
bite
76%
Caine,
76%
divinity
76%
feeds
76%
hand
76%
infinity,
76%
Just
76%
just
76%
name
76%
only
76%
place
76%
When
76%
Why
76%
your
76%
Now
72%
running
72%
this
72%
what
72%
where
72%
who's
72%
at
68%
bliss
68%
host,
68%
look
68%
of
68%
shock
68%
walk
68%
be
64%
Don't
64%
don't
64%
ever
64%
feeling
64%
forget
64%
Not
64%
used?
64%
Watch
64%
you're
64%
Absolute
60%
all
60%
damned
60%
god
60%
great
60%
shame
60%
Sunday
60%
best
56%
chin
56%
friends
56%
gonna
56%
one
56%
Put
56%
strap
56%
take
56%
time
56%
'Cause
52%
close
52%
Congratulations,
52%
marquee
52%
nowhere
52%
Public
52%
quitting
52%
relations
52%
Yeah!
52%
Because
48%
cleanse
48%
enthused?
48%
games
48%
ignore
48%
play
48%
brains
44%
how
44%
pains
44%
prime
40%
remains
40%
blind
36%
too
36%
whine
32%
No matching quizzes found
Score Distribution
Percent of People with Each Score
Percentile by Number Answered
Your Score History
You have not taken this quiz